Normal view MARC view
  • Press, William H.

Entry Personal Name

Number of records used in: 7

001 - CONTROL NUMBER

  • control field: 1811

003 - CONTROL NUMBER IDENTIFIER

  • control field: NUST

005 - DATE AND TIME OF LATEST TRANSACTION

  • control field: 20170601112840.0

008 - FIXED-LENGTH DATA ELEMENTS

  • fixed length control field: 170601|| aca||aabn | a|a d

040 ## - CATALOGING SOURCE

  • Original cataloging agency: NUST
  • Transcribing agency: NUST

100 ## - HEADING--PERSONAL NAME

  • Personal name: Press, William H.

670 ## - SOURCE DATA FOUND

  • Source citation: Work cat.: (NUST)23683: William H. Press 1807, Numerical recipes :, 2007.
© 2023 Central Library, National University of Sciences and Technology. All Rights Reserved.